| 000 -CABECERA |
| Longitud fija campo de control |
01612nam a2200409 i 4500 |
| 001 - NÚMERO DE CONTROL |
| Número de control |
991000411149706706 |
| 003 - IDENTIFICADOR DEL NÚMERO DE CONTROL |
| Identificador del número de control |
OSt |
| 005 - FECHA Y HORA DE LA ÚLTIMA TRANSACCIÓN |
| Fecha y hora de la última transacción |
20230926104812.0 |
| 008 - CÓDIGOS DE INFORMACIÓN DE LONGITUD FIJA |
| Códigos de información de longitud fija |
200929e202010 spc ||| ||||a000 0 cat| |
| 015 ## - NÚMERO DE BIBLIOGRAFÍA NACIONAL |
| Número de bibliografía nacional |
LL2021 |
| Fuente |
bnc |
| 017 ## - NÚMERO DE COPYRIGHT O DE DEPÓSITO LEGAL |
| Número de copyright o de depósito legal |
DL B 18862-2020 |
| Agencia que asigna el número |
Biblioteca de Catalunya |
| 020 ## - NÚMERO INTERNACIONAL NORMALIZADO PARA LIBROS |
| Número Internacional Normalizado para Libros (ISBN) |
9788418199639 |
| 035 ## - NÚMERO DE CONTROL DEL SISTEMA |
| Número de control del sistema |
(ES-BaCBU).b74479441 |
| 035 ## - NÚMERO DE CONTROL DEL SISTEMA |
| Número de control del sistema |
(OCoLC)1224245166 |
| 040 ## - FUENTE DE LA CATALOGACIÓN |
| Centro catalogador de origen |
ES-BaBC |
| Lengua de catalogación |
cat |
| Normas de descripción |
rda |
| Centro transcriptor |
CDMR |
| 041 ## - CÓDIGO DE LENGUA |
| Código de lengua del texto/banda sonora o título independiente |
cat |
| -- |
spa |
| 043 ## - CÓDIGO DE ÁREA GEOGRÁFICA |
| Código de área geográfica |
e-sp--- |
| Código local GAC |
e-spcba |
| Fuente del código local |
catmarc |
| 080 ## - NÚMERO DE LA CLASIFICACIÓN DECIMAL UNIVERSAL |
| Número de la Clasificación Decimal Universal |
654.19 |
| Subdivisión auxiliar común |
(460.23 Ba Barcelona) |
| -- |
(091) |
| Identificador de la edición |
2004 |
| 080 ## - NÚMERO DE LA CLASIFICACIÓN DECIMAL UNIVERSAL |
| Número de la Clasificación Decimal Universal |
654.19:316.4 |
| Subdivisión auxiliar común |
(460.23 Ba Barcelona) |
| -- |
(091) |
| Identificador de la edición |
2004 |
| 090 ## - CAMPOS LOCALES |
| Número de clasificación (OCLC) ; Número de clasificación,LLAMADA (RLIN) |
PN1991.3.C28 |
| Signatura local (OCLC) ; Signatura sin dividir, número de libro, CALL (RLIN) |
B37 2020 |
| 245 00 - MENCIÓN DE TÍTULO |
| Título |
Barcelona, capital de la ràdio / |
| Mención de responsabilidad, etc. |
edició a cura de Susanna Tavera, Armand Balsebre, Josep Lluís Martín i Berbois |
| 264 #1 - PRODUCCIÓN, PUBLICACIÓN , DISTRIBUCIÓN, FABRICACIÓN Y COPYRIGHT |
| Lugar de producción, publicación, distribución, fabricación |
Barcelona : |
| Nombre del productor, editor, distribuidor, fabricante |
Departament de Justícia : |
| -- |
Memorial Democràtic, |
| Fecha de de producción, publicación, distribución, fabricación o copyright |
2020 |
| 300 ## - DESCRIPCIÓN FÍSICA |
| Extensión |
436 pàgines ; |
| Dimensiones |
24 cm |
| 490 1# - MENCIÓN DE SERIE |
| Mención de serie |
Referents ; |
| Designación de volumen o secuencia |
11 |
| 546 ## - NOTA DE LENGUA |
| Nota de lengua |
Textos en català i castellà |
| 650 #7 - PUNTO DE ACCESO ADICIONAL DE MATERIA - TÉRMINO DE MATERIA |
| Término de materia o nombre geográfico como elemento inicial |
Radiodifusió |
| Subdivisión de materia general |
Aspectes socials |
| Subdivisión geográfica |
Catalunya |
| -- |
Barcelona |
| Subdivisión de materia general |
Història |
| Fuente del encabezamiento o término |
lemac |
| Subdivisión cronológica |
1924-1939 |
| 650 #7 - PUNTO DE ACCESO ADICIONAL DE MATERIA - TÉRMINO DE MATERIA |
| Término de materia o nombre geográfico como elemento inicial |
Locutores de ràdio |
| Subdivisión geográfica |
Catalunya |
| -- |
Barcelona |
| Subdivisión de materia general |
Història |
| Subdivisión cronológica |
S. XX. |
| Fuente del encabezamiento o término |
lemac |
| 650 04 - PUNTO DE ACCESO ADICIONAL DE MATERIA - TÉRMINO DE MATERIA |
| Término de materia o nombre geográfico como elemento inicial |
Radiodifusió |
| Subdivisión geográfica |
Catalunya |
| -- |
Barcelona |
| Subdivisión de materia general |
Història |
| Subdivisión cronológica |
1924-1939 |
| 700 1# - PUNTO DE ACCESO ADICIONAL - NOMBRE DE PERSONA |
| Nombre de persona |
Tavera, Susanna |
| 9 (RLIN) |
1014 |
| 700 1# - PUNTO DE ACCESO ADICIONAL - NOMBRE DE PERSONA |
| Nombre de persona |
Balsebre, Armand |
| 9 (RLIN) |
762 |
| 700 1# - PUNTO DE ACCESO ADICIONAL - NOMBRE DE PERSONA |
| Nombre de persona |
Martín i Berbois, Josep Lluís, |
| 830 #0 - PUNTO DE ACCESO ADICIONAL DE SERIE - TÍTULO UNIFORME |
| Título uniforme |
Col·lecció "Referents" ; |
| Designación de volumen o secuencia |
11 |
| 907 ## - ELEMENTO G DATOS LOCALES, GDL (RLIN) |
| a |
.b74479441 |
| b |
21-06-21 |
| c |
29-09-20 |
| d |
29-09-20 |
| e |
m |
| f |
a |
| g |
- |
| h |
cat |
| i |
spc |
| j |
0 |
| k |
0 |
| 908 ## - CONTROL DE PARÁMETROS (RLIN) |
| Parametro de comando lanzado |
BC |
| -- |
MD |
| -- |
BMON |
| -- |
AHCB |
| -- |
BAB |
| -- |
UB |
| -- |
BPC |
| -- |
ANC |
| -- |
CLR |
| -- |
URV |
| -- |
UAB |
| -- |
UPF |
| -- |
UdG |
| -- |
CHCC |
| 940 ## - |
| T&íacute;tulo uniforme |
<a href="BC">BC</a> |
| 942 ## - ENTRADA DE ELEMENTOS AGREGADOS (KOHA) |
| Fuente de clasificaión o esquema |
|
| Koha [por defecto] tipo de item |
Monografies |